=LDR 00000nam 2200000 4500 =001 INLIS000000000007604 =005 20130612095558 =008 ***********************************Ind** =035 ##$$0010-061300000007604 =041 ##$$a Ind =082 ##$$a 511 =090 ##$$a 511, Pal m =100 ##$$a PALING, D =245 ##$$a Matematika gaya baru untuk guru dan orang tua, D. Paling dan J.L. Fox =260 ##$$a 1970 $b Jakarta =300 ##$$a 59 hlm., ilus., 18 cm =650 ##$$a Studi dan Pengajaran =700 ##$$a FOX, J.L